Ville du monde : quel continent ? - Statistiques

Statistiques générales
  • Ce quiz a été pris 93 fois
    55 depuis la dernière actualisation
  • Le résultat moyen est 6 sur 10
Statistiques - réponses
Question Réponse % Correct
Porto Europe
100%
San Antonio Amérique
95%
New Delhi Asie
93%
Sarajevo Europe
93%
Paramaribo Amérique
91%
Libreville Afrique
88%
Kobe Asie
86%
Bagdad Asie
85%
Chisinau Europe
76%
Tbillisi Asie
73%
Ankara Asie
71%
Portland Amérique
69%
Graz Europe
69%
Freetown Afrique
68%
Kampala Afrique
64%
Adélaïde Océanie
64%
Des Moines Amérique
63%
Gand Europe
60%
Macao Asie
59%
Kaliningrad Europe
59%
Port Moresby Océanie
59%
Sotchi Europe
57%
Córdoba (différent de Cordoue) Amérique
56%
Windhoek Afrique
55%
Belmopan Amérique
52%
Franceville Afrique
50%
Suva Océanie
50%
Manama Asie
43%
Honolulu Océanie
19%
Havre Amérique
4%
Aucun quiz correspondant
Distribution des résultats
% des personnes avec chaque résultat
Percentile par nombre de réponses
Votre historique - résultats
Vous n’avez pas pris ce quiz depuis la dernière actualisation